000 00352nam a2200145Ia 4500
005 20251222153623.0
008 251222s9999||||xx |||||||||||||| ||spa||
020 _a9789682477317
082 _a155.424.8/F85
100 _aFrola, Patricia
245 0 _aLos Problemas de Conducta en el Aula:
250 _a1ra.ed.
264 _bTrillas
942 _cLIB
999 _c32061
_d32061